[Event "23. Open"]
[Site "?"]
[Date "2003.08.25"]
[Round "5"]
[White "Lalic Bogdan"]
[Black "Cebalo Miso"]
[Result "1/2-1/2"]
[WhiteElo "2503"]
[BlackElo "2510"]
[PlyCount "29"]
[EventDate "2003.??.??"]
[Source "www.chesslib.no"]
[SourceDate "2004.05.04"]

1. d4 Nf6 2. Nf3 g6 3. c4 Bg7 4. g3 c5 5. d5 d6 6. Bg2 O-O 7. O-O e6 8. Nc3 exd5 9. cxd5 a6 10. a4 Nbd7 11. Nd2 Re8 12. h3 Rb8 13. Nc4 Nb6 14. Na3 Bd7 15. Bd2 1/2-1/2

[Event "Rishon Le Ziyyon 9798"]
[Site "Rishon Le Ziyyon"]
[Date "1997.12.30"]
[Round "6"]
[White "Zilberman, Yaacov"]
[Black "Uritzky, Maxim"]
[Result "1-0"]
[WhiteElo "2560"]
[BlackElo "2450"]
[PlyCount "140"]
[EventDate "1997.12.25"]
[Source "ChessBase"]
[SourceDate "1998.03.09"]

1. d4 Nf6 2. c4 e6 3. Nc3 c5 4. d5 exd5 5. cxd5 d6 6. Nf3 g6 7. g3 Bg7 8. Bg2 O-O 9. O-O Re8 10. Nd2 a6 11. a4 Nbd7 12. h3 Rb8 13. Nc4 Nb6 14. Na3 Bd7 15. Re1 h5 16. Bf4 Nh7 17. a5 Nc8 18. Nc4 Bb5 19. Qb3 Bxc4 20. Qxc4 h4 21. g4 b5 22. axb6 Qxb6 23. Bc1 Qb4 24. Qxb4 cxb4 25. Nd1 Nb6 26. Rxa6 Nf6 27. Ne3 Nfd7 28. Ra5 Nc5 29. Rb5 b3 30. Bf1 Rb7 31. Rd1 Ra8 32. Bd2 Bd4 33. Rb1 Ra2 34. Nd1 Nba4 35. Rxb7 Nxb7 36. Bc1 Nbc5 37. e3 Bg7 38. f3 Nb6 39. e4 Nba4 40. Bb5 Bd4+ 41. Kf1 Kg7 42. Ke2 f5 43. exf5 gxf5 44. Bxa4 Rxa4 45. Bg5 Rc4 46. Ne3 Bxe3 47. Kxe3 fxg4 48. hxg4 h3 49. Bf4 Na4 50. Bxd6 Kf6 51. f4 Rc2 52. Be5+ Kf7 53. f5 Nb6 54. Kf3 Nc4 55. Bf4 Nd2+ 56. Bxd2 Rxd2 57. Ke3 Rg2 58. d6 h2 59. d7 Ke7 60. Rd1 Kd8 61. f6 h1=Q 62. Rxh1 Kxd7 63. Kf3 Rxb2 64. Re1 Ra2 65. f7 Ra8 66. g5 b2 67. g6 b1=Q 68. Rxb1 Ke7 69. Re1+ Kf8 70. Kf4 Kg7 1-0

[Event "Arctic Chess Challenge"]
[Site "Tromso NOR"]
[Date "2007.08.06"]
[Round "3"]
[White "Mikhalevski, V."]
[Black "Lie, Es"]
[Result "0-1"]
[WhiteElo "2598"]
[BlackElo "2404"]
[PlyCount "118"]
[EventDate "2007.08.04"]
[Source "www.chesslib.no"]
[SourceDate "2004.05.04"]

1. d4 Nf6 2. c4 c5 3. d5 e6 4. Nc3 exd5 5. cxd5 d6 6. Nf3 g6 7. g3 Bg7 8. Bg2 O-O 9. O-O a6 10. a4 Nbd7 11. Nd2 Re8 12. h3 Rb8 13. Nc4 Nb6 14. Na3 Bd7 15. e4 Qc7 16. Be3 Nc8 17. Qd3 Na7 18. Nc4 b5 19. axb5 Nxb5 20. Bd2 Bc8 21. Bf4 Bf8 22. Be3 Nd7 23. f4 Nd4 24. Rf2 Rb4 25. Ra3 Nb6 26. Na5 Bg7 27. Kh2 Bd7 28. Na2 Bb5 29. Qd1 Ra4 30. Rxa4 Bxa4 31. Qd2 Nc2 32. Re2 Bxb2 33. Nc3 Bxc3 34. Qxc3 Nxe3 35. Rxe3 Nxd5 36. exd5 Rxe3 37. Qxe3 Qxa5 38. f5 Qd8 39. Qf4 Bb5 40. f6 c4 41. Qd4 Qc8 42. Qf4 Qd8 43. Qd4 Qe8 44. Bf1 Qc8 45. Qf4 c3 46. Qh6 Qf8 47. Qc1 Bxf1 48. Qxf1 Qc8 49. Qc1 c2 50. Qh6 Qf8 51. Qd2 Qd8 52. Qxc2 Qxf6 53. Kg2 Qd4 54. Qc6 Qc5 55. g4 a5 56. h4 Kg7 57. g5 Qb4 58. Qc2 Qg4+ 59. Kf1 Qf5+ 0-1

[Event "It (open)"]
[Site "Velika Gorica (Croatia)"]
[Date "2007.08.24"]
[Round "8"]
[White "Saric Ibro (BIH)"]
[Black "Ljubicic Filip (CRO)"]
[Result "1/2-1/2"]
[WhiteElo "2526"]
[BlackElo "2475"]
[PlyCount "23"]
[EventDate "2007.??.??"]
[Source "www.chesslib.no"]
[SourceDate "2004.05.04"]

1. d4 Nf6 2. c4 e6 3. Nc3 c5 4. d5 exd5 5. cxd5 d6 6. Nf3 g6 7. g3 Bg7 8. Bg2 O-O 9. O-O a6 10. a4 Nbd7 11. h3 Re8 12. Nd2 1/2-1/2

[Event "GM"]
[Site "Cartak"]
[Date "2003.11.13"]
[Round "4"]
[White "Dydyshko, Viacheslav"]
[Black "Simacek, Pavel"]
[Result "1/2-1/2"]
[WhiteElo "2556"]
[BlackElo "2442"]
[PlyCount "69"]
[EventDate "2003.11.11"]
[Source "Roberto Alvarez"]
[SourceDate "2003.12.01"]

1. d4 Nf6 2. c4 c5 3. d5 e6 4. Nc3 exd5 5. cxd5 d6 6. Nf3 g6 7. g3 Bg7 8. Bg2 O-O 9. O-O Re8 10. Nd2 a6 11. a4 Nbd7 12. h3 Rb8 13. a5 b5 14. axb6 Nxb6 15. Ra2 Bb7 16. Nb3 Nc4 17. Ra4 Nb6 18. Rh4 Ba8 19. Re1 Re5 20. Bf4 g5 21. Bxe5 gxh4 22. Bf4 Nh5 23. Bc1 hxg3 24. f4 Nc4 25. e3 Qh4 26. Ne4 Rb6 27. Qd3 Nxb2 28. Bxb2 Bxb2 29. Nbd2 Bg7 30. Nc4 Rb8 31. Nexd6 Nxf4 32. exf4 Bd4+ 33. Kf1 Bxd5 34. Qf5 Be6 35. Qg5+ 1/2-1/2

[Event "DEN Ch KO"]
[Site "?"]
[Date "2005.03.23"]
[Round "2.2"]
[White "Hutters Tomas"]
[Black "Hansen Sune Berg"]
[Result "0-1"]
[WhiteElo "2445"]
[BlackElo "2553"]
[PlyCount "96"]
[EventDate "2005.??.??"]
[Source "www.chesslib.no"]
[SourceDate "2004.05.04"]

1. d4 Nf6 2. c4 e6 3. g3 c5 4. d5 exd5 5. cxd5 d6 6. Nc3 g6 7. Nf3 Bg7 8. Bg2 O-O 9. O-O a6 10. a4 Nbd7 11. Nd2 Re8 12. h3 Rb8 13. Nc4 Nb6 14. Na3 Bd7 15. a5 Nc8 16. Nc4 Qc7 17. Ra3 Bb5 18. Qb3 Bxc4 19. Qxc4 Nd7 20. g4 Ne5 21. Qa4 Nd7 22. Qc4 Na7 23. f4 Qc8 24. e4 b5 25. axb6 Rxb6 26. Rb3 Nb5 27. Nxb5 axb5 28. Qc2 c4 29. Rbf3 b4 30. Be3 Ra6 31. b3 cxb3 32. Qxb3 Rxe4 33. Qd3 Nc5 34. Bxc5 Qxc5+ 35. Kh1 Qc4 36. Qxc4 Rxc4 37. f5 gxf5 38. gxf5 Be5 39. f6 Ra1 40. Rg3+ Kf8 41. Rg4 Rxf1+ 42. Bxf1 Rd4 43. Rxd4 Bxd4 44. Bd3 h6 45. Bc2 Bxf6 46. Kg2 Ke7 47. Kf3 Bc3 48. Ke4 Kf6 0-1

[Event "ECC"]
[Site "Rethymnon"]
[Date "2003.09.29"]
[Round "2"]
[White "Avrukh, Boris"]
[Black "Palliser, Richard"]
[Result "1-0"]
[WhiteElo "2557"]
[BlackElo "2438"]
[PlyCount "100"]
[EventDate "2003.09.28"]
[Source "Roberto Alvarez"]
[SourceDate "2003.10.06"]

1. d4 Nf6 2. c4 e6 3. Nf3 c5 4. d5 d6 5. Nc3 exd5 6. cxd5 g6 7. g3 Bg7 8. Bg2 O-O 9. O-O a6 10. a4 Nbd7 11. Nd2 Re8 12. a5 b5 13. axb6 Nxb6 14. e4 Bd7 15. Qc2 Bb5 16. Rd1 Rb8 17. h3 Qe7 18. Ra2 Nfd7 19. Nb3 Nc4 20. Na5 Nxa5 21. Rxa5 Ne5 22. Ne2 f5 23. Nf4 fxe4 24. Qxe4 Qd8 25. Ra2 Nd3 26. Ne6 Nxc1 27. Rxc1 Qf6 28. b3 Bd7 29. Qd3 Kh8 30. Nxg7 Kxg7 31. Rxa6 Bb5 32. Ra7+ Re7 33. Rxe7+ Qxe7 34. Qc3+ Qf6 35. Qa5 Qd8 36. Qa1+ Kg8 37. Re1 Bd7 38. Qc3 Qf8 39. Re4 Bf5 40. Rf4 Qg7 41. Qe3 Bd7 42. h4 Re8 43. Qd2 Qa1+ 44. Kh2 Kg7 45. b4 cxb4 46. Rxb4 Qe5 47. Rb6 Bf5 48. Qb4 Rd8 49. Rb7+ Rd7 50. Rxd7+ Bxd7 1-0

[Event "JUG Ch sf"]
[Site "Kladovo"]
[Date "1994.??.??"]
[Round "?"]
[White "Ilincic, Zlatko"]
[Black "Petronic, Jovan"]
[Result "1/2-1/2"]
[WhiteElo "2530"]
[BlackElo "2465"]
[PlyCount "131"]
[EventDate "1994.??.??"]
[Source "www.chesslib.no"]
[SourceDate "2004.05.04"]

1. d4 Nf6 2. c4 g6 3. g3 Bg7 4. Bg2 c5 5. d5 d6 6. Nc3 O-O 7. Nf3 e6 8. O-O exd5 9. cxd5 a6 10. a4 Re8 11. Nd2 Nbd7 12. Qb3 Ne5 13. f4 Neg4 14. Nc4 Nh5 15. e3 f5 16. Bd2 Rb8 17. a5 Nhf6 18. h3 Nh6 19. Kh2 Nf7 20. Rae1 Bd7 21. e4 fxe4 22. Nxe4 Nxe4 23. Rxe4 Rxe4 24. Bxe4 Bb5 25. Rb1 Bxc4 26. Qxc4 b5 27. axb6 Qxb6 28. b3 Nh6 29. g4 Qd8 30. Kg2 Bd4 31. Bf3 Nf7 32. g5 a5 33. Re1 Qb6 34. Rb1 Qd8 35. Qa4 Kg7 36. Bg4 Qb6 37. Be2 Qb7 38. Bc4 Qa8 39. Bd3 h6 40. Qc6 hxg5 41. Qxa8 Rxa8 42. fxg5 Rb8 43. h4 Ne5 44. Bc2 Rb5 45. Bf4 Bc3 46. Kg3 Rb4 47. Rh1 c4 48. bxc4 a4 49. Bc1 Rxc4 50. Bb1 Rg4+ 51. Kh3 Rd4 52. Be3 Rxd5 53. Rc1 Ba5 54. Rc8 a3 55. Ra8 Bb4 56. Ra4 Rb5 57. Ra7+ Kf8 58. Ba2 Ra5 59. Rb7 Bc5 60. Bd2 Ra7 61. Rb8+ Kg7 62. h5 gxh5 63. Kh4 Kg6 64. Bb1+ Kg7 65. Ba2 Kg6 66. Bb1+ 1/2-1/2

[Event "Keres mem op"]
[Site "Vancouver"]
[Date "1998.??.??"]
[Round "?"]
[White "Orlov, Georgi"]
[Black "Spraggett, Kevin"]
[Result "1/2-1/2"]
[WhiteElo "2420"]
[BlackElo "2565"]
[PlyCount "26"]
[EventDate "1998.05.??"]
[Source "www.chesslib.no"]
[SourceDate "2004.05.04"]

1. d4 Nf6 2. c4 e6 3. g3 c5 4. d5 exd5 5. cxd5 d6 6. Bg2 g6 7. Nf3 Bg7 8. Nc3 O-O 9. O-O Re8 10. Nd2 a6 11. a4 Nbd7 12. Nc4 Nb6 13. Na3 Bd7 1/2-1/2

[Event "Skanska Cup"]
[Site "Olomouc"]
[Date "2004.07.09"]
[Round "8"]
[White "Lagowski, Patryk"]
[Black "Babula, Vlastimil"]
[Result "0-1"]
[WhiteElo "2415"]
[BlackElo "2569"]
[PlyCount "56"]
[EventDate "2004.07.04"]
[Source "Roberto Alvarez"]
[SourceDate "2004.08.24"]

1. d4 Nf6 2. c4 e6 3. g3 c5 4. d5 exd5 5. cxd5 d6 6. Bg2 g6 7. Nc3 Bg7 8. Nf3 O-O 9. O-O Re8 10. Nd2 a6 11. a4 Nbd7 12. h3 Rb8 13. Nc4 Ne5 14. Na3 Nh5 15. f4 Nxg3 16. fxe5 Bxe5 17. Nc4 Bxc3 18. bxc3 Bxh3 19. Rf2 Bxg2 20. Kxg2 Ne4 21. Rf3 Qh4 22. a5 Qg4+ 23. Kf1 Ng3+ 24. Rxg3 Qxg3 25. Qd3 Qh4 26. Rb1 Re4 27. Nxd6 Qh1+ 28. Kf2 Rg4 0-1

[Event "BUL-chT"]
[Site "Plovdiv"]
[Date "2003.11.10"]
[Round "8"]
[White "Rusev, Krasimir"]
[Black "Delchev, Aleksander"]
[Result "1/2-1/2"]
[WhiteElo "2379"]
[BlackElo "2603"]
[PlyCount "98"]
[EventDate "2003.11.??"]
[Source "Roberto Alvarez"]
[SourceDate "2004.02.16"]

1. d4 Nf6 2. c4 e6 3. g3 c5 4. d5 exd5 5. cxd5 d6 6. Nc3 g6 7. Bg2 Bg7 8. Nf3 O-O 9. O-O Re8 10. Nd2 a6 11. a4 Nbd7 12. Nc4 Ne5 13. Na3 Nh5 14. e4 f5 15. h3 Rf8 16. exf5 Bxf5 17. Ne4 h6 18. Kh2 b5 19. f4 Nc4 20. Nxc4 bxc4 21. g4 Bxe4 22. Bxe4 Nxf4 23. Bxf4 Rxf4 24. Rxf4 Be5 25. Kg2 Bxf4 26. Qc2 Rb8 27. Rf1 Be5 28. Qxc4 Qh4 29. Rf3 Rxb2+ 30. Bc2 h5 31. Qe4 Qg5 32. Rf2 Rb4 33. Qf3 Rf4 34. Qd3 Rd4 35. Qxa6 hxg4 36. Qc8+ Kh7 37. h4 Qxh4 38. Bxg6+ Kh6 39. Bc2 Qh2+ 40. Kf1 Qh1+ 41. Ke2 Re4+ 42. Bxe4 Qxe4+ 43. Kf1 Qd3+ 44. Kg2 Qxd5+ 45. Kf1 Qd3+ 46. Kg2 Qe4+ 47. Kf1 Qd3+ 48. Kg2 Qe4+ 49. Kf1 Qd3+ 1/2-1/2

[Event "Swidnica op"]
[Site "Swidnica"]
[Date "1999.07.04"]
[Round "7"]
[White "Berezin, Oleg"]
[Black "Brodsky, Michail"]
[Result "1/2-1/2"]
[WhiteElo "2451"]
[BlackElo "2530"]
[PlyCount "95"]
[EventDate "1999.06.28"]
[Source "www.chesslib.no"]
[SourceDate "2004.05.04"]

1. d4 Nf6 2. c4 e6 3. g3 c5 4. d5 exd5 5. cxd5 d6 6. Nc3 g6 7. Bg2 Bg7 8. Nf3 O-O 9. O-O a6 10. a4 Nbd7 11. Nd2 Re8 12. Re1 Rb8 13. a5 b5 14. axb6 Nxb6 15. h3 Nfd7 16. Kh2 Qe7 17. Nde4 h6 18. Bf4 Nc4 19. b3 Nce5 20. Rc1 f5 21. Nd2 a5 22. Bxe5 Nxe5 23. f4 Nf7 24. e4 Ba6 25. Qc2 Qb7 26. exf5 Rxe1 27. Rxe1 gxf5 28. Ncb1 Qd7 29. Na3 a4 30. bxa4 Rb2 31. Qd1 Bc3 32. Nab1 Bg7 33. Re3 Ra2 34. Qe1 Nd8 35. Nc3 Bxc3 36. Rxc3 Qxa4 37. Re3 Bb5 38. Nb1 Qc2 39. Qg1 Ra1 40. Re1 Ra2 41. Rc1 Qf2 42. Nc3 Qxg1+ 43. Kxg1 Rb2 44. Nxb5 Rxb5 45. Bf1 Rb2 46. Ra1 Rd2 47. Ra7 h5 48. Bb5 1/2-1/2

[Event "Osijek"]
[Site "?"]
[Date "1978.04.13"]
[Round "6"]
[White "Marovic Drazen"]
[Black "Hulak Krunoslav"]
[Result "1/2-1/2"]
[WhiteElo "2455"]
[BlackElo "2525"]
[PlyCount "41"]
[EventDate "1978.??.??"]
[Source "www.chesslib.no"]
[SourceDate "2004.05.04"]

1. d4 Nf6 2. c4 c5 3. d5 d6 4. Nc3 g6 5. Nf3 Bg7 6. g3 O-O 7. Bg2 e6 8. O-O exd5 9. cxd5 Re8 10. Nd2 a6 11. a4 Nbd7 12. h3 Rb8 13. Nc4 Nb6 14. Na3 Bd7 15. a5 Nc8 16. Nc4 Bb5 17. Qb3 Bxc4 18. Qxc4 Nd7 19. Qd3 Qc7 20. Qc2 Na7 21. Bd2 1/2-1/2

[Event "Bochum"]
[Site "Bochum"]
[Date "1981.??.??"]
[Round "?"]
[White "Kunsztowicz, Uwe"]
[Black "Garcia Gonzales, Guillermo"]
[Result "1-0"]
[WhiteElo "2460"]
[BlackElo "2520"]
[PlyCount "113"]
[EventDate "1981.03.??"]
[Source "ChessBase"]

1. d4 Nf6 2. c4 e6 3. g3 c5 4. d5 exd5 5. cxd5 d6 6. Nc3 g6 7. Bg2 Bg7 8. Nf3 O-O 9. O-O Re8 10. Nd2 a6 11. a4 Nbd7 12. Nc4 Nb6 13. Na3 Bf5 14. f3 Bd7 15. Qb3 Rb8 16. a5 Nc8 17. Nc4 b5 18. axb6 Nxb6 19. Nxd6 Nbxd5 20. Qd1 Nxc3 21. bxc3 Re6 22. Bf4 Ra8 23. Qd2 Ne8 24. Nb7 Qe7 25. Bh3 f5 26. e4 fxe4 27. fxe4 Nf6 28. Bxe6+ Bxe6 29. Qd6 Qxd6 30. Nxd6 Nd7 31. Ra3 h6 32. h4 Kh7 33. Rfa1 Rf8 34. Rb1 Bf6 35. Rb7 g5 36. hxg5 hxg5 37. Be3 Kg6 38. Nf5 Ra8 39. Kg2 g4 40. Rb1 Bc4 41. Rh1 Be2 42. Rh6+ Kf7 43. Kf2 Bf3 44. Bf4 a5 45. Nd6+ Ke7 46. Ke3 a4 47. Rh7+ Ke6 48. Nc4 Ra6 49. e5 Bd5 50. exf6 Nxf6 51. Rh6 Bxc4 52. Bg5 Kf5 53. Rxf6+ Rxf6 54. Bxf6 Kxf6 55. Rxa4 Bd5 56. Ra5 c4 57. Kf4 1-0

[Event "Romanian Open"]
[Site "Predeal ROM"]
[Date "2007.08.17"]
[Round "8"]
[White "Barnaure, V."]
[Black "Nanu, C."]
[Result "0-1"]
[WhiteElo "2467"]
[BlackElo "2507"]
[PlyCount "110"]
[EventDate "2007.08.11"]
[Source "www.chesslib.no"]
[SourceDate "2004.05.04"]

1. d4 Nf6 2. c4 e6 3. Nf3 c5 4. d5 exd5 5. cxd5 d6 6. Nc3 a6 7. a4 g6 8. g3 Bg7 9. Bg2 O-O 10. O-O Re8 11. Nd2 Nbd7 12. Nc4 Nb6 13. Na3 Bd7 14. a5 Nc8 15. Nc4 Bb5 16. Qb3 Bxc4 17. Qxc4 b5 18. axb6 Nxb6 19. Qd3 c4 20. Qc2 Qc7 21. Rd1 Nfd7 22. Ra2 Nc5 23. Ne4 Nxe4 24. Bxe4 a5 25. Bd2 f5 26. Bf3 Qc5 27. Ra3 Qb5 28. Bc1 Qb4 29. h4 Rec8 30. h5 c3 31. bxc3 Rxc3 32. Rxc3 Qxc3 33. Qb1 Qb4 34. Qd3 Nc4 35. hxg6 hxg6 36. Bd2 Nxd2 37. Rxd2 a4 38. Ra2 a3 39. e4 Qc3 40. Qe2 Re8 41. Qb5 Kf8 42. Kg2 fxe4 43. Bg4 Bd4 44. Qd7 Bc5 45. Re2 Qg7 46. Qa4 Qd4 47. Qb3 Qb4 48. Qc2 Kg7 49. Be6 Rf8 50. Kh3 Qd4 51. Rxe4 Rxf2 52. Re2 Rf8 53. Re4 Qa1 54. Kg4 Qh1 55. Qc3+ Rf6 0-1

[Event "John Kellner Mem"]
[Site "?"]
[Date "1989.??.??"]
[Round "?"]
[White "Glaser, Helmut F"]
[Black "Prizant, Michael"]
[Result "0-1"]
[WhiteElo "2435"]
[BlackElo "2535"]
[PlyCount "126"]
[EventDate "1989.??.??"]
[Source "www.chesslib.no"]
[SourceDate "2004.05.04"]

1. d4 Nf6 2. c4 e6 3. Nf3 c5 4. d5 d6 5. Nc3 exd5 6. cxd5 g6 7. g3 Bg7 8. Bg2 O-O 9. O-O a6 10. a4 Re8 11. Nd2 Nbd7 12. Qb3 Rb8 13. Nc4 Ne5 14. Nb6 Nfd7 15. Nxc8 Qxc8 16. h3 f5 17. Bf4 c4 18. Qa3 b5 19. axb5 axb5 20. Qa5 b4 21. Nb5 Qc5 22. Nc7 Rec8 23. Ne6 Qxa5 24. Rxa5 Bf6 25. Rc1 c3 26. bxc3 b3 27. Rb1 Rxc3 28. e4 b2 29. exf5 Nc4 30. Ra7 Nde5 31. fxg6 hxg6 32. Be4 g5 33. Nxg5 Bxg5 34. Bxg5 Nf3+ 35. Bxf3 Rxf3 36. Bc1 bxc1=Q+ 37. Rxc1 Ne5 38. Rc2 Rb5 39. Rc8+ Rf8 40. Rxf8+ Kxf8 41. f4 Nd3 42. Kg2 Rxd5 43. Kf3 Nc5 44. Ra3 Kf7 45. h4 Rd1 46. h5 d5 47. g4 d4 48. Ra7+ Ke6 49. f5+ Ke5 50. Re7+ Kd6 51. Re8 d3 52. Rd8+ Nd7 53. Ke3 Ke7 54. Rc8 Ne5 55. g5 Ng4+ 56. Kd4 d2 57. f6+ Kd7 58. Rc2 Ne5 59. f7 Nf3+ 60. Kd3 Ke7 61. g6 Rc1 62. Rxd2 Nxd2 63. Kxd2 Rh1 0-1

[Event "Budapest HUN"]
[Site "?"]
[Date "2006.02.08"]
[Round "4"]
[White "Ilincic Zlatko"]
[Black "Radziewicz Iweta"]
[Result "1/2-1/2"]
[WhiteElo "2545"]
[BlackElo "2421"]
[PlyCount "61"]
[EventDate "2006.??.??"]
[Source "www.chesslib.no"]
[SourceDate "2004.05.04"]

1. d4 Nf6 2. c4 c5 3. d5 e6 4. Nc3 exd5 5. cxd5 d6 6. Nf3 a6 7. a4 g6 8. g3 Bg7 9. Bg2 O-O 10. O-O Nbd7 11. Nd2 Re8 12. a5 b5 13. axb6 Nxb6 14. e4 a5 15. Qc2 a4 16. h3 Ba6 17. Rd1 Nfd7 18. Bf1 Bxf1 19. Rxf1 Ne5 20. Nxa4 Bh6 21. f4 Qd7 22. fxe5 Qxh3 23. Nc4 Nxc4 24. Bxh6 Rxe5 25. Qf2 Qxh6 26. Qxf7+ Kh8 27. Nb6 Rxa1 28. Qf6+ Qg7 29. Qd8+ Qg8 30. Qf6+ Qg7 31. Qd8+ 1/2-1/2

[Event "ARG-ch"]
[Site "Buenos Aires"]
[Date "1998.04.27"]
[Round "11"]
[White "Soppe, Guillermo"]
[Black "Hoffman, Alejandro"]
[Result "1/2-1/2"]
[WhiteElo "2455"]
[BlackElo "2510"]
[PlyCount "96"]
[EventDate "1998.04.15"]
[Source "ChessBase"]
[SourceDate "1998.08.06"]

1. Nf3 g6 2. d4 Bg7 3. c4 c5 4. d5 Nf6 5. Nc3 d6 6. g3 O-O 7. Bg2 e6 8. O-O exd5 9. cxd5 a6 10. a4 Nbd7 11. Nd2 Re8 12. a5 b5 13. axb6 Nxb6 14. Qc2 Rb8 15. e4 Nfd7 16. Nd1 a5 17. Ne3 Ba6 18. Rd1 a4 19. Ra3 Qc8 20. Bh3 Qc7 21. b3 axb3 22. Rxb3 Rb7 23. Bb2 Bxb2 24. Rxb2 Ne5 25. Ra1 Be2 26. Bf1 Bxf1 27. Rxf1 h5 28. Rfb1 Reb8 29. h3 c4 30. Nexc4 Nbxc4 31. Rxb7 Rxb7 32. Rxb7 Qxb7 33. Nxc4 Qc8 34. Ne3 Qxh3 35. Qe2 h4 36. Nf1 g5 37. Qh5 Kf8 38. Nh2 Ke8 39. Qh8+ Kd7 40. Qh5 Kc7 41. Qh7 Kb6 42. Qh5 f5 43. Nf3 Nxf3+ 44. Qxf3 f4 45. Qb3+ Kc7 46. Qc3+ Kb8 47. Qh8+ Kb7 48. Qb2+ Kc8 1/2-1/2

[Event "Leeuwaarden"]
[Site "Leeuwaarden"]
[Date "1980.??.??"]
[Round "?"]
[White "Scheeren, Peter"]
[Black "Timman, Jan Hein"]
[Result "0-1"]
[WhiteElo "2360"]
[BlackElo "2600"]
[PlyCount "29"]
[EventDate "1980.??.??"]
[Source "www.chesslib.no"]
[SourceDate "2004.05.04"]

1. d4 Nf6 2. c4 c5 3. d5 e6 4. Nc3 exd5 5. cxd5 d6 6. Nf3 g6 7. g3 Bg7 8. Bg2 O-O 9. O-O Re8 10. Nd2 a6 11. a4 Nbd7 12. h3 Rb8 13. Nc4 Ne5 14. Na3 Nh5 15. e4 0-1

[Event "First Saturday GM - Febbraio 2008"]
[Site "Budapest UNG"]
[Date "2008.02.05"]
[Round "4"]
[White "Ilincic, Zlatko"]
[Black "Leviczki, Tibor"]
[Result "1/2-1/2"]
[WhiteElo "2561"]
[BlackElo "2396"]
[PlyCount "109"]
[EventDate "2008.02.02"]
[Source "www.chesslib.no"]
[SourceDate "2004.05.04"]

1. d4 Nf6 2. c4 c5 3. d5 e6 4. Nf3 exd5 5. cxd5 d6 6. Nc3 g6 7. g3 Bg7 8. Bg2 O-O 9. O-O a6 10. a4 Nbd7 11. Nd2 Re8 12. a5 b5 13. axb6 Nxb6 14. e4 Ng4 15. h3 Ne5 16. Qc2 c4 17. Kh2 Qc7 18. Ndb1 f5 19. Be3 fxe4 20. Bxe4 Nd3 21. Nd2 Nc5 22. g4 Bb7 23. Rad1 Be5+ 24. Kg1 Bxc3 25. Bxc5 Qxc5 26. bxc3 Nxd5 27. Bg2 Qc7 28. Ne4 Qe7 29. Qd2 Rf8 30. Rfe1 Qc7 31. Rb1 Bc6 32. Qd4 Nf4 33. Nf6+ Rxf6 34. Qxf6 Rf8 35. Re7 Rxf6 36. Rxc7 Bxg2 37. Rb8+ Rf8 38. Rxf8+ Kxf8 39. Rxc4 g5 40. Rc7 Be4 41. Kh2 d5 42. Ra7 Bd3 43. Kg3 Ne2+ 44. Kf3 Nxc3 45. Ke3 Bb5 46. Kd4 Ne4 47. f3 Nf6 48. Ke5 Nd7+ 49. Kxd5 Ke7 50. Rc7 h6 51. Kd4 Ke6 52. Rc8 Kf6 53. Rh8 Kg7 54. Re8 Kf6 55. Rh8 1/2-1/2

[Event "Pre-Continental g/25,10, Sao Paulo BRA"]
[Site "?"]
[Date "2001.??.??"]
[Round "10"]
[White "Lima, Da"]
[Black "Pelikian, J."]
[Result "1-0"]
[WhiteElo "2540"]
[BlackElo "2415"]
[PlyCount "109"]
[EventDate "2001.??.??"]
[Source "www.chesslib.no"]
[SourceDate "2004.05.04"]

1. d4 Nf6 2. g3 c5 3. d5 e6 4. c4 exd5 5. cxd5 d6 6. Nc3 g6 7. Bg2 Bg7 8. Nf3 O-O 9. O-O a6 10. a4 Re8 11. Nd2 Nbd7 12. Nc4 Ne5 13. Na3 Rb8 14. h3 Ned7 15. e4 Nh5 16. g4 Nhf6 17. f4 b5 18. axb5 axb5 19. Naxb5 c4 20. Nxd6 Qb6+ 21. Kh1 Qxd6 22. e5 Qc5 23. Qf3 Rb3 24. Be3 Qe7 25. Bd4 Bb7 26. exf6 Bxf6 27. Bxf6 Nxf6 28. Qf2 Rxc3 29. bxc3 Ne4 30. Qd4 Ng3+ 31. Kh2 Nxf1+ 32. Rxf1 Qd6 33. Rb1 Ba8 34. Qxc4 g5 35. Rf1 Rd8 36. Rf2 Bxd5 37. Bxd5 Qxd5 38. Qxd5 Rxd5 39. fxg5 Rc5 40. Rf3 Rxg5 41. Rf5 Rg6 42. c4 Rd6 43. Kg3 Rd3+ 44. Rf3 Rd1 45. Rc3 Kf8 46. c5 Ke7 47. c6 Kd8 48. Kf4 Rd5 49. Ke4 Ra5 50. c7+ Kc8 51. Rf3 Ra4+ 52. Ke5 h5 53. g5 Ra5+ 54. Kf6 Kxc7 55. h4 1-0

[Event "ARG Ch"]
[Site "Quilmes"]
[Date "1980.??.??"]
[Round "2"]
[White "Najdorf, Miguel"]
[Black "Rubinetti, Jorge A"]
[Result "0-1"]
[WhiteElo "2510"]
[BlackElo "2445"]
[PlyCount "54"]
[EventDate "1980.??.??"]
[Source "www.chesslib.no"]
[SourceDate "2004.05.04"]

1. d4 Nf6 2. c4 c5 3. d5 e6 4. Nc3 exd5 5. cxd5 d6 6. Nf3 g6 7. g3 Bg7 8. Nd2 O-O 9. Bg2 Nbd7 10. O-O Re8 11. h3 a6 12. a4 Rb8 13. Nc4 Ne5 14. Na3 Nh5 15. e4 f5 16. exf5 Bxf5 17. Re1 Nd3 18. Rxe8+ Qxe8 19. Nc2 Nxf2 20. Kxf2 Bxc2 21. Qxc2 Bd4+ 22. Kf3 Qe1 23. Ne4 Rf8+ 24. Kg4 Re8 25. Qd3 Rxe4+ 26. Bxe4 Nf6+ 27. Kf3 Qf2# 0-1

[Event "ESP Team Ch"]
[Site "ESP"]
[Date "1993.??.??"]
[Round "?"]
[White "Glavina Rossi, Pablo"]
[Black "Campora, Daniel H"]
[Result "1/2-1/2"]
[WhiteElo "2405"]
[BlackElo "2550"]
[PlyCount "80"]
[EventDate "1993.??.??"]
[Source "www.chesslib.no"]
[SourceDate "2004.05.04"]

1. d4 Nf6 2. c4 e6 3. g3 c5 4. d5 exd5 5. cxd5 d6 6. Nc3 g6 7. Nf3 Bg7 8. Bg2 O-O 9. O-O Re8 10. Nd2 a6 11. a4 Nbd7 12. Qb3 Rb8 13. Nc4 Qc7 14. Bf4 Bf8 15. e4 Ng4 16. Rfe1 Nge5 17. Bxe5 Nxe5 18. Nxe5 Rxe5 19. Bf1 Bg7 20. Qc4 Bd7 21. a5 b5 22. axb6 Rxb6 23. Rxa6 Rxb2 24. Rb1 Rxb1 25. Nxb1 Re8 26. Qa2 Bd4 27. Nd2 Rb8 28. Ra8 Rxa8 29. Qxa8+ Kg7 30. Nc4 Bb5 31. Nxd6 Qxd6 32. Bxb5 Qe5 33. Bd3 f5 34. Qb7+ Kh6 35. Qf7 c4 36. Qf8+ Qg7 37. Qxg7+ Kxg7 38. Bxc4 fxe4 39. Kf1 Bc5 40. Ke2 Kf6 1/2-1/2

[Event "Essent Open"]
[Site "Hoogeveen"]
[Date "2004.10.21"]
[Round "7"]
[White "Porat, Shi"]
[Black "Li Shilong"]
[Result "1-0"]
[WhiteElo "2421"]
[BlackElo "2526"]
[PlyCount "81"]
[EventDate "2004.10.15"]
[Source "Roberto Alvarez"]
[SourceDate "2004.10.25"]

1. d4 Nf6 2. c4 e6 3. g3 c5 4. d5 exd5 5. cxd5 d6 6. Nc3 g6 7. Bg2 Bg7 8. Nf3 O-O 9. O-O a6 10. a4 Nbd7 11. h3 Re8 12. Nd2 Rb8 13. Nc4 Ne5 14. Nxe5 Rxe5 15. Qd3 Re8 16. g4 h5 17. g5 Nd7 18. Qg3 Ne5 19. Ne4 Bf5 20. Nf6+ Bxf6 21. gxf6 Qxf6 22. Bg5 Qg7 23. Qh4 Nd7 24. Rae1 f6 25. Bd2 g5 26. Qxh5 Ne5 27. e4 Qh7 28. Qxh7+ Bxh7 29. Re2 Nd3 30. f4 gxf4 31. Bxf4 f5 32. Bxd6 Rbd8 33. e5 Rd7 34. Kh2 Bg6 35. Bf3 Kh7 36. Rd1 c4 37. h4 b5 38. Rg1 Kh6 39. h5 Bf7 40. e6 Rxd6 41. exf7 1-0

[Event "ECC, Panormo GRE"]
[Site "?"]
[Date "2001.??.??"]
[Round "6"]
[White "Mikhalevski, V."]
[Black "Palkovi, J."]
[Result "1-0"]
[WhiteElo "2500"]
[BlackElo "2445"]
[PlyCount "101"]
[EventDate "2001.??.??"]
[Source "www.chesslib.no"]
[SourceDate "2004.05.04"]

1. d4 Nf6 2. c4 e6 3. g3 c5 4. d5 exd5 5. cxd5 d6 6. Nc3 g6 7. Bg2 Bg7 8. Nf3 O-O 9. O-O a6 10. a4 Nbd7 11. Nd2 Re8 12. h3 Rb8 13. Nc4 Nb6 14. Na3 Bd7 15. e4 Qc7 16. Be3 Nc8 17. Qd3 b5 18. axb5 c4 19. Qxc4 Qxc4 20. Nxc4 axb5 21. Nd2 b4 22. Ne2 Bb5 23. Rfe1 Bd3 24. Nd4 Rb7 25. Nc6 Nd7 26. Bd4 Bxd4 27. Nxd4 f6 28. Re3 Nc5 29. Ne6 Bb5 30. e5 Nd7 31. exf6 Nxf6 32. Rf3 Rf7 33. Rf4 Bd7 34. Rxb4 Ne7 35. Rd4 Nf5 36. Rf4 Bxe6 37. dxe6 Rxe6 38. g4 Ne7 39. Nf3 Re4 40. Rxe4 Nxe4 41. Nd4 Nxf2 42. Ra8+ Kg7 43. Ne6+ Kh6 44. b4 Nd1 45. b5 Ne3 46. Ra7 Nxg2 47. g5+ Kh5 48. Kxg2 h6 49. b6 Kh4 50. b7 Nd5 51. Ra4+ 1-0